Obce, regiony a Evropa - případ Švédska

Dopady prijatia Švédska do EÚ. Dôsledky na švédske obce a regióny. Meniace sa podmienky pre samosprávu obcí. Činnosť obcí a regiónov v rôznych oblastiach. Ekonomické dôsledky pre obce a regióny. Vplyv obcí a regiónov na legislatívu a ďalšie činnosti ES/EÚ.

Salvato in:
Dettagli Bibliografici
Natura: Capitolo di libro
Lingua:ceco
Soggetti:
Tags: Aggiungi Tag
Nessun Tag, puoi essere il primo ad aggiungerne!!

MARC

LEADER 00000naa a2200000 4500
001 r027406
005 20230922092534.0
041 0 |a cze 
044 |a CZ 
245 1 0 |a Obce, regiony a Evropa - případ Švédska 
520 |a Dopady prijatia Švédska do EÚ. Dôsledky na švédske obce a regióny. Meniace sa podmienky pre samosprávu obcí. Činnosť obcí a regiónov v rôznych oblastiach. Ekonomické dôsledky pre obce a regióny. Vplyv obcí a regiónov na legislatívu a ďalšie činnosti ES/EÚ. 
610 2 0 |a regióny 
610 2 0 |a obce 
610 2 0 |a Európa 
610 2 0 |a Švédsko 
610 2 0 |a Európska únia 
610 2 0 |a samospráva 
610 2 0 |a správa miestna